Statistiques concernant Paroles générique Pokemon - Saison 1

Cliquez ici pour prendre le quiz!

Statistiques générales

  • Ce quiz a été pris 3 702 fois
  • Le résultat moyen est 63 sur 77

Statistiques - réponses

Paroles% Correct
le
99%
Le
99%
à
98%
Pokemon
98%
Pokemon
98%
Pokemon
98%
Pokemon
98%
Pokemon
98%
dresseur
97%
je
97%
Je
97%
Je
97%
Je
97%
les
97%
Les
97%
me
97%
meilleur
97%
Un
97%
Un
97%
de
96%
jour
96%
serai
96%
la
95%
la
95%
sans
95%
Et
94%
et
94%
battrai
92%
pour
92%
pour
92%
Terre
89%
tous
89%
tous
89%
tous
89%
tous
89%
entière
88%
défis
87%
leurs
87%
leurs
87%
parcourrai
87%
répit
87%
tout
87%
être
86%
ferai
86%
gagner
86%
vainqueur
86%
mystères
84%
secret
84%
pouvoirs
83%
avec
82%
espoir
82%
victoire
72%
notre
70%
Notre
70%
notre
70%
Attrapez-les
68%
attrapez-les
68%
Attrapez-les
68%
Attrapez-les
68%
Ensemble
68%
ne
67%
nous
66%
Rien
66%
arrêtera
64%
ça
59%
histoire
59%
triomphera
59%
amitié
58%
Traquant
58%
courage
57%
du
57%
C'est
56%
demande
56%
voyage
45%
d'apprentissage
44%
âge
36%
Même
34%

Distribution des résultats

Percentile par nombre de réponses

% des personnes avec chaque résultat

Votre développement - résultats

Vous n’avez pas pris ce quiz